| 000 | 00328nam a22001337a 4500 | ||
|---|---|---|---|
| 003 | SGT | ||
| 082 |
_a617.63 _bP24C |
||
| 100 | _aChauhan, Pratibha | ||
| 245 | _aPRP in Oral Health and Disease | ||
| 260 |
_aGurugram, Haryana _bSGT University _c2024 |
||
| 300 | _a92 | ||
| 650 | _aOral & Maxillofacial Radiology | ||
| 942 |
_2ddc _cTH |
||
| 999 |
_c30384 _d30384 |
||